书目信息 |
| 题名: |
中国近现代音乐史知识问答
|
|
| 作者: | 陈四海 著 | |
| 分册: | ||
| 出版信息: | 北京 华龄出版社 2000.08 |
|
| 页数: | 179页 | |
| 开本: | 20cm | |
| 丛书名: | ||
| 单 册: | ||
| 中图分类: | J609.25-44 | |
| 科图分类: | ||
| 主题词: | 音乐--艺术理论 , 音乐学 , 音乐社会学 | |
| 电子资源: | ||
| ISBN: | 7-80082-886-7 | |
| 000 | 00660nam0 2200217 450 | |
| 001 | 1637902129 | |
| 005 | 20160830105055.00 | |
| 010 | @a7-80082-886-7@dCNY 16.00 | |
| 100 | @a20160830d2000 km y0chiy0120 ea | |
| 101 | 0 | @achi |
| 102 | @aCN@b110000 | |
| 200 | 1 | @a中国近现代音乐史知识问答@Azhong guo jin xian dai yin yue shi zhi shi wen da@f陈四海著@Fchen si hai zhu |
| 210 | @a北京@c华龄出版社@d2000.08 | |
| 215 | @a179页@d20cm | |
| 606 | 0 | @a音乐@x艺术理论 |
| 606 | 0 | @a音乐学 |
| 606 | 0 | @a音乐社会学 |
| 690 | @aJ609.25-44@v4 | |
| 701 | 0 | @a陈四海@Achen si hai@4著 |
| 801 | 0 | @aCN@b大连网信软件有限公司图书馆·11@c20160830 |
| 905 | @aZUCC@dJ609.25-44@eC562 | |
| 中国近现代音乐史知识问答/陈四海著.-北京:华龄出版社,2000.08 |
| 179页;20cm |
| ISBN 7-80082-886-7:CNY 16.00 |
| ● |
| 相关链接 |
|
|
|
正题名:中国近现代音乐史知识问答
索取号:J609.25-44/C562
 
预约/预借
| 序号 | 登录号 | 条形码 | 馆藏地/架位号 | 状态 | 备注 |
| 1 | 1238289 | 212382893 | 社科库309/309社科库 92排1列3层/ [索取号:J609.25-44/C562] | 在馆 | |
| 2 | 1238290 | 212382900 | 社科库309/309社科库 92排1列3层/ [索取号:J609.25-44/C562] | 在馆 |